<?xml version="1.0" encoding="UTF-8"?>
<record
    xmlns:xsi="http://www.w3.org/2001/XMLSchema-instance"
    xsi:schemaLocation="http://www.loc.gov/MARC21/slim http://www.loc.gov/standards/marcxml/schema/MARC21slim.xsd"
    xmlns="http://www.loc.gov/MARC21/slim">

  <leader>03954nam a2200577Ia 4500</leader>
  <controlfield tag="001">378</controlfield>
  <controlfield tag="008">241029s9999    xx            000 0 und d</controlfield>
  <datafield tag="010" ind1=" " ind2=" ">
    <subfield code="a">345</subfield>
  </datafield>
  <datafield tag="041" ind1=" " ind2=" ">
    <subfield code="a">Espa&#xF1;ol</subfield>
  </datafield>
  <datafield tag="082" ind1=" " ind2=" ">
    <subfield code="a">MALHEE0001-FH2012</subfield>
  </datafield>
  <datafield tag="245" ind1=" " ind2="0">
    <subfield code="a">Manejos de los Actos de Habla en la Aplicaci&#xF3;n del Enfoque Comunicativo en la Ense&#xF1;anza de la Lengua Espa&#xF1;ola, por Parte de los Docentes, 8vo. Grado, Distrito Escolar 10-04, Santo Domingo, A&#xF1;o Escolar 2011-2012. </subfield>
  </datafield>
  <datafield tag="260" ind1=" " ind2=" ">
    <subfield code="a">Santo Domingo</subfield>
  </datafield>
  <datafield tag="300" ind1=" " ind2=" ">
    <subfield code="a">93</subfield>
  </datafield>
  <datafield tag="520" ind1=" " ind2=" ">
    <subfield code="a">30</subfield>
  </datafield>
  <datafield tag="630" ind1=" " ind2=" ">
    <subfield code="a">Aprendizaje</subfield>
  </datafield>
  <datafield tag="630" ind1=" " ind2=" ">
    <subfield code="a">Capacitaci&#xF3;n Docente</subfield>
  </datafield>
  <datafield tag="630" ind1=" " ind2=" ">
    <subfield code="a">Competencia Docente</subfield>
  </datafield>
  <datafield tag="630" ind1=" " ind2=" ">
    <subfield code="a">Competencia Ling&#xFC;&#xED;stica</subfield>
  </datafield>
  <datafield tag="630" ind1=" " ind2=" ">
    <subfield code="a">Competencia Pedag&#xF3;gica</subfield>
  </datafield>
  <datafield tag="650" ind1=" " ind2=" ">
    <subfield code="a">Lengua Espa&#xF1;ola</subfield>
  </datafield>
  <datafield tag="690" ind1=" " ind2=" ">
    <subfield code="a">Elaborado</subfield>
  </datafield>
  <datafield tag="700" ind1=" " ind2=" ">
    <subfield code="e">asesor</subfield>
    <subfield code="a">De los Santos , Julio</subfield>
  </datafield>
  <datafield tag="700" ind1=" " ind2=" ">
    <subfield code="e">autor</subfield>
    <subfield code="a">Cede&#xF1;o Hidalgo, Mar&#xED;a ysabel</subfield>
  </datafield>
  <datafield tag="700" ind1=" " ind2=" ">
    <subfield code="e">autor</subfield>
    <subfield code="a">D&#xED;az Bueno, Sagrario</subfield>
  </datafield>
  <datafield tag="901" ind1=" " ind2=" ">
    <subfield code="a">{"1":"Cede&#xF1;o Hidalgo","2":"D&#xED;az Bueno"}</subfield>
    <subfield code="b">{"1":"Mar&#xED;a ysabel","2":"Sagrario"}</subfield>
  </datafield>
  <datafield tag="902" ind1=" " ind2=" ">
    <subfield code="a">1</subfield>
  </datafield>
  <datafield tag="903" ind1=" " ind2=" ">
    <subfield code="a">{"1":"De los Santos "}</subfield>
    <subfield code="b">{"1":"Julio"}</subfield>
  </datafield>
  <datafield tag="904" ind1=" " ind2=" ">
    <subfield code="a">Maestr&#xED;a en</subfield>
  </datafield>
  <datafield tag="905" ind1=" " ind2=" ">
    <subfield code="a">Ling&#xFC;&#xED;stica Aplicada</subfield>
  </datafield>
  <datafield tag="906" ind1=" " ind2=" ">
    <subfield code="a">1</subfield>
  </datafield>
  <datafield tag="907" ind1=" " ind2=" ">
    <subfield code="a">Concentraci&#xF3;n en</subfield>
  </datafield>
  <datafield tag="908" ind1=" " ind2=" ">
    <subfield code="a">Ling&#xFC;&#xED;stica Aplicada a la Lengua Espa&#xF1;ola</subfield>
  </datafield>
  <datafield tag="909" ind1=" " ind2=" ">
    <subfield code="a">Universidad Aut&#xF3;noma de Santo Domingo (UASD)</subfield>
  </datafield>
  <datafield tag="910" ind1=" " ind2=" ">
    <subfield code="a">NULL</subfield>
    <subfield code="b">NULL</subfield>
  </datafield>
  <datafield tag="911" ind1=" " ind2=" ">
    <subfield code="a">["1"]</subfield>
  </datafield>
  <datafield tag="912" ind1=" " ind2=" ">
    <subfield code="a">NO APLICA</subfield>
  </datafield>
  <datafield tag="913" ind1=" " ind2=" ">
    <subfield code="a">NULL</subfield>
  </datafield>
  <datafield tag="914" ind1=" " ind2=" ">
    <subfield code="a">02 de Julio de 2012</subfield>
  </datafield>
  <datafield tag="915" ind1=" " ind2=" ">
    <subfield code="a">18/05/14 10:05</subfield>
  </datafield>
  <datafield tag="916" ind1=" " ind2=" ">
    <subfield code="a">NULL</subfield>
  </datafield>
  <datafield tag="917" ind1=" " ind2=" ">
    <subfield code="a">NULL</subfield>
  </datafield>
  <datafield tag="918" ind1=" " ind2=" ">
    <subfield code="a">NO APLICA</subfield>
  </datafield>
  <datafield tag="919" ind1=" " ind2=" ">
    <subfield code="a">["18","30","35","37","38"]</subfield>
  </datafield>
  <datafield tag="520" ind1=" " ind2=" ">
    <subfield code="a">Los principales prop&#xF3;sitos del estudio consistieron en determinar la practica pedag&#xF3;gica de los docentes de Lengua Espa&#xF1;ola, 8vo grado, de los centros educativos pertenecientes al Distrito Educativo 10-04 Santo Domingo y sus niveles de competencias en el manejo de los actos de hablas, mediante la ense&#xF1;anza a trav&#xE9;s del Enfoque Comunicativo; determinar los niveles de formaci&#xF3;n de los docentes en cuanto a lo acad&#xE9;mico y a lo ling&#xFC;&#xED;stico-metodol&#xF3;gico y determinar los niveles de aprendizaje alcanzado por los alumnos como producto de la actividad pedag&#xF3;gica de los docente.La poblaci&#xF3;n de esta investigaci&#xF3;n fueron 115 docentes de Lengua Espa&#xF1;ola &#xA0;y &#xA0;4,175 estudiantes de 8vo grado del Distrito Eucativo 10-04; Para la muestra se tom&#xF3; el 38% de los docentes &#xA0;(43) y el 4% de los estudiantes (151), las t&#xE9;cnicas utilizadas en este estudio &#xA0;fueron el cuestionario y la recopilaci&#xF3;n documental y el an&#xE1;lisis cuantitativo y cualitativo de los datos.&#xA0;Los an&#xE1;lisis realizados indican que un 20% de los docentes ha realizado estudio sobre la did&#xE1;ctica de la Lengua Espa&#xF1;ola. Los docentes poseen informaciones generales en torno al Enfoque Comunicativo, conocen que la ense&#xF1;anza de la lengua est&#xE1; orientada en este Enfoque, el 74% conoce que a trav&#xE9;s de su aplicaci&#xF3;n en el proceso de ense&#xF1;anza aprendizaje se persigue el desarrollo de competencia ling&#xFC;&#xED;stica en los alumnos sin embargo la pobre formaci&#xF3;n ling&#xFC;&#xED;stico-pedag&#xF3;gica de estos docentes interfiere en el conocimiento de los elementos estructurales de este enfoque y su correcta aplicaci&#xF3;n. Como consecuencia de la formaci&#xF3;n de los docentes se evidencia una pr&#xE1;ctica pedag&#xF3;gica no consciente de las orientaciones ling&#xFC;&#xED;stica, de las teor&#xED;as, y de las disciplinas que integran el Enfoque Comunicativo; y &#xA0;por v&#xED;a de consecuencia se divorcia de las orientaciones ling&#xFC;&#xED;stico-metodol&#xF3;gica de dicho enfoque, lo cual incide en los bajos niveles de desarrollo &#xA0;de las habilidades ling&#xFC;&#xED;stico-comunicativas que se determinaron en los alumnos.El estudio recomienda capacitaci&#xF3;n de los docentes de Lengua Espa&#xF1;ola y reforzar el &#xE1;rea de formaci&#xF3;n did&#xE1;ctica en lo concerniente al dise&#xF1;o de planificaci&#xF3;n de la ense&#xF1;anza de la lengua materna.</subfield>
  </datafield>
  <datafield tag="921" ind1=" " ind2=" ">
    <subfield code="a">16</subfield>
  </datafield>
  <datafield tag="922" ind1=" " ind2=" ">
    <subfield code="a">16</subfield>
  </datafield>
  <datafield tag="923" ind1=" " ind2=" ">
    <subfield code="a">0</subfield>
  </datafield>
  <datafield tag="924" ind1=" " ind2=" ">
    <subfield code="a">NO APLICA</subfield>
  </datafield>
  <datafield tag="942" ind1=" " ind2=" ">
    <subfield code="c">Tesis</subfield>
  </datafield>
  <datafield tag="999" ind1=" " ind2=" ">
    <subfield code="c">345</subfield>
    <subfield code="d">345</subfield>
  </datafield>
</record>
